Previous home cities of current NBA teams - Statistics

General Stats
  • This quiz has been taken 4,215 times
  • The average score is 6 of 10
Answer Stats
Current NBA Team Year of Relocation Previous Home City/State % Correct
Brooklyn Nets 2012 New Jersey Nets
94%
Memphis Grizzlies 2001 Vancouver Grizzlies
84%
Los Angeles Lakers 1960 Minneapolis Lakers
64%
Golden State Warriors (Oakland) 1971 San Francisco Warriors (Daly City)
64%
Utah Jazz 1979 New Orleans Jazz
52%
Los Angeles Clippers 1984 San Diego Clippers
45%
Houston Rockets 1971 San Diego Rockets
45%
Atlanta Hawks 1968 St. Louis Hawks
44%
Sacramento Kings 1985 Kansas City Kings
32%
Detroit Pistons 1957 Fort Wayne Pistons
29%
No matching quizzes found
Score Distribution
Percent of People with Each Score
Percentile by Number Answered
Your Score History
You have not taken this quiz